000 00411nam a22001697a 4500
003 MPLRDC
005 20220104144314.0
008 210129b ||||| |||| 00| 0 eng d
082 _a314.1 ZYC 1981
100 _a陈颐昌, 陈继昌编著
245 _a微积分学初阶
_c
250 _a初版
260 _a
_b香港万里书店出版
_c1981
300 _b
650 _a
942 _cBK
_o314.1 ZYC 1981
999 _c48332
_d48322